| 000 | 02282cam a2200349 a 4500 | ||
|---|---|---|---|
| 001 | 15997876 | ||
| 003 | OSt | ||
| 005 | 20170105102900.0 | ||
| 008 | 091127s2010 nyu b 000 0 eng | ||
| 010 | _a 2009046064 | ||
| 020 | _a0415552303 (hardcover) | ||
| 020 | _a9780415552301 (hardcover) | ||
| 020 | _a0203852001 (ebook) | ||
| 020 | _a9780203852002 (ebook) | ||
| 035 | _a(OCoLC)ocn472586457 | ||
| 040 |
_aDLC _cDLC _dBWKUK _dBWK _dYDXCP _dUTO _dBWX _dERASA _dDLC |
||
| 050 | 0 | 0 |
_aHV6431 _b.I5844 2010 |
| 082 | 0 | 0 |
_a363.325 _222 _bINT 2010 |
| 245 | 0 | 0 |
_aInternational terrorism post-9/11 : _bcomparative dynamics and responses / _cedited by Asaf Siniver. |
| 246 | 3 | _aInternational terrorism post nine/eleven | |
| 260 |
_aLondon ; _aNew York : _bRoutledge, _c2010. |
||
| 300 |
_axv, 240 p. ; _c24 cm. |
||
| 490 | 0 | _aContemporary terrorism studies | |
| 504 | _aIncludes bibliographical references and index. | ||
| 505 | 0 | _aIntroduction / Asaf Siniver -- "Terrorism" and political violence in the Middle East and North Africa : drivers and limitations / Gerd Nonneman -- Radicalism, extremism, and government in North Africa / George Joffé -- Strategic confusion : America's conflicting strategies and the war on terrorism / David Hastings Dunn and Oz Hassan -- American counter-terrorism through the rewards for justice program, 1984-2008 / Steve Hewitt -- British armed forces and European Union perspectives on countering terrorism / Major General Graham Messervy-Whiting -- The development of the UK intelligence community after 9/11 / Sir Francis Richards -- Israel and the Al-Aqsa intifada : the conceptzia of terror / Clive Jones -- Russia and counter terrorism : a critical appraisal / Cerwyn Moore and David Barnard-Wills -- Fixing the elusive : India and the foreignness of terror / Ted Svensson -- Australian identity, interventionism, and the war on terror / Jack Holland and Matt McDonald -- Counter-terrorism in Southeast Asia post 9/11 / Andrew T. H. Tan. | |
| 650 | 0 | _aWar on Terrorism, 2001-2009. | |
| 650 | 0 |
_aTerrorism _xGovernment policy. |
|
| 700 | 1 |
_aSiniver, Asaf, _d1976- |
|
| 906 |
_a7 _bcbc _corignew _d1 _eecip _f20 _gy-gencatlg |
||
| 942 |
_2ddc _cBK |
||
| 999 |
_c14615 _d14615 |
||